Рядом с отцами

Bibliografiske detaljer
Andre forfattere: Мазурова А. Ф. Анастасия Феоктистовна (составитель)
Summary:Исключено из фонда НТБ ТПУ
Sprog:russisk
Udgivet: Минск, Народная асвета, 1980
Udgivelse:2-е изд., перераб. и доп.
Format: MixedMaterials Bog
KOHA link:https://koha.lib.tpu.ru/cgi-bin/koha/opac-detail.pl?biblionumber=223732

MARC

LEADER 00000nam0a2200000 4500
001 223732
005 20231031200302.0
020 |a RU  |b 81-6982 
035 |a (RuTPU)RU\TPU\book\244001 
090 |a 223732 
100 |a 20121016d1980 de y0rusy5003 ca 
101 0 |a rus 
102 |a RU 
105 |a a z 000cy 
200 1 |a Рядом с отцами  |f сост. А. Ф. Мазурова 
205 |a 2-е изд., перераб. и доп. 
210 |a Минск  |c Народная асвета  |d 1980 
215 |a 175 с.  |c ил. 
333 |a Исключено из фонда НТБ ТПУ 
702 1 |a Мазурова  |b А. Ф.  |g Анастасия Феоктистовна  |4 220 
801 0 |a RU  |b RuMRKP  |c 19950704  |g psbo 
801 1 |a RU  |b 63413507  |c 20121016 
801 2 |a RU  |b 63413507  |c 20220623  |g RCR 
942 |c BK